01420nam a2200265Ia 450000500170000000800410001702000150005808200200007311000380009324500440013125000190017530000420019450000280023650003760026450501190064060000670075961000660082665000440089265000440093626400510098033600270103133700330105833800280109104000350111920220317001232.0160825s2000 ck a g 000 0 spa  a958664041604aR 708.074bB15m2 aBanco de la República. Bogotá04aMonjas muertascBanco de la República a1a. edición  a19 páginas bilustraciones b22 cm  aExposición permanente aObras reproducidas en este catálogo : Inés María de Masustegui del Santísimo Sacramento 1 ; Inés de Masustegui del Santísimo Sacramento 2 ; Luisa Manuela del Sacramento ; María Rosa del Sacramento ; Catalina Teresa de Santo Domingo ; Josefa de la Concepción ;Sor Teresa Juliana de Jesús ; Juana de San Francisco ; Retrato de monja 1 ; Retrato de monja 2 aLas religiosas muertas / por Beatriz González y Rodolfo Vallín ; fotografías atribuidas a Victorino García14aGarcía Romero, Victorino d1791-1870xTrabajos pictóricos 2 aBanco de la República (Bogota)vExposiciones vCatálogos 142LEMBaPinturasvExposiciones zColombia142LEMBaRetratosvExposiciones zColombia aBogotábBiblioteca Luis Ángel Arangoc2000 atextobtxt2rdacontent asin mediaciónbn2rdamedia avolumenbnc2rdacarrier aCO-BoRNBPbspaerdacCO-BoRNBP